000 00722nam a22002177a 4500
003 UA-OsUOA
001 44409
007 ta
008 20101022b un ||||| |||| 00| 0 ukr d
090 _a94(477).152
_bТ67
942 _cBK
040 _aUA-OsUOA
_bukr
_cUA-OsUOA
_dUA-OsUOA
245 _aТри ювілеї. Пропам'ятна книга
_bУкраїнська православна парафія св. Володимира
300 _a240 с.
955 _a4
041 _aukr
080 _a94(477).152
650 7 _a9 Географія. Біографії. Історія
_2UDC
999 _c424469
_d424469